中国語名からポケモン~ランダム20個~ - Statistics

General Stats
  • This quiz has been taken 118 times
  • The average score is 6 of 20
Answer Stats
番号 日本語 中国語 % Correct
0005 リザード 火恐龙
100%
0006 リザードン 喷火龙
100%
0007 ゼニガメ 杰尼龟
100%
0013 ビードル 独角虫
100%
0018 ピジョット 大比鸟
100%
0019 コラッタ 小拉达
100%
0023 アーボ 阿柏蛇
100%
0034 ニドキング 尼多王
100%
0035 ピッピ 皮皮
100%
0045 ラフレシア 霸王花
100%
0048 コンパン 毛球
100%
0053 ペルシアン 猫老大
100%
0064 ユンゲラー 勇基拉
100%
0066 ワンリキー 腕力
100%
0067 ゴーリキー 豪力
100%
0068 カイリキー 怪力
100%
0071 ウツボット 大食花
100%
0073 ドククラゲ 毒刺水母
100%
0076 ゴローニャ 隆隆岩
100%
0083 カモネギ 大葱鸭
100%
0084 ドードー 嘟嘟
100%
0089 ベトベトン 臭臭泥
100%
0090 シェルダー 大舌贝
100%
0098 クラブ 大钳蟹
100%
0099 キングラー 巨钳蟹
100%
0101 マルマイン 顽皮雷弹
100%
0115 ガルーラ 袋兽
100%
0118 トサキント 角金鱼
100%
0120 ヒトデマン 海星星
100%
0130 ギャラドス 暴鲤龙
100%
0146 ファイヤー 火焰鸟
100%
0157 バクフーン 火暴兽
100%
0159 アリゲイツ 蓝鳄
100%
0161 オタチ 尾立
100%
0162 オオタチ 大尾立
100%
0163 ホーホー 咕咕
100%
0164 ヨルノズク 猫头夜鹰
100%
0169 クロバット 叉字蝠
100%
0192 キマワリ 向日花怪
100%
0197 ブラッキー 月亮伊布
100%
0213 ツボツボ 壶壶
100%
0234 オドシシ 惊角鹿
100%
0244 エンテイ 炎帝
100%
0253 ジュプトル 森林蜥蜴
100%
0261 ポチエナ 土狼犬
100%
0270 ハスボー 莲叶童子
100%
0284 アメモース 雨翅蛾
100%
0313 バルビート 电萤虫
100%
0315 ロゼリア 毒蔷薇
100%
0325 バネブー 跳跳猪
100%
0332 ノクタス 梦歌仙人掌
100%
0337 ルナトーン 月石
100%
0344 ネンドール 念力土偶
100%
0345 リリーラ 触手百合
100%
0352 カクレオン 变隐龙
100%
0356 サマヨール 彷徨夜灵
100%
0361 ユキワラシ 雪童子
100%
0363 タマザラシ 海豹球
100%
0368 サクラビス 樱花鱼
100%
0374 ダンバル 铁哑铃
100%
0388 ハヤシガメ 树林龟
100%
0410 タテトプス 盾甲龙
100%
0420 チェリンボ 樱花宝
100%
0427 ミミロル 卷卷耳
100%
0441 ペラップ 聒噪鸟
100%
0453 グレッグル 不良蛙
100%
0454 ドクロッグ 毒骷蛙
100%
0460 ユキノオー 暴雪王
100%
0463 ベロベルト 大舌舔
100%
0468 トゲキッス 波克基斯
100%
0471 グレイシア 冰伊布
100%
0473 マンムー 象牙猪
100%
0478 ユキメノコ 雪妖女
100%
0500 エンブオー 炎武王
100%
0503 ダイケンキ 大剑鬼
100%
0516 ヒヤッキー 冷水猿
100%
0523 ゼブライカ 雷电斑马
100%
0528 ココロモリ 心蝙蝠
100%
0555 ヒヒダルマ 达摩狒狒
100%
0566 アーケン 始祖小鸟
100%
0585 シキジカ 四季鹿
100%
0608 ランプラー 灯火幽灵
100%
0610 キバゴ 牙牙
100%
0622 ゴビット 泥偶小人
100%
0623 ゴルーグ 泥偶巨人
100%
0626 バッフロン 爆炸头水牛
100%
0633 モノズ 单首龙
100%
0635 サザンドラ 三首恶龙
100%
0642 ボルトロス 雷电云
100%
0644 ゼクロム 捷克罗姆
100%
0659 ホルビー 掘掘兔
100%
0672 メェークル 坐骑小羊
100%
0675 ゴロンダ 霸道熊猫
100%
0682 シュシュプ 粉香香
100%
0710 バケッチャ 南瓜精
100%
0715 オンバーン 音波龙
100%
0725 ニャビー 火斑喵
100%
0728 アシマリ 球球海狮
100%
0750 バンバドロ 重泥挽马
100%
0771 ナマコブシ 拳海参
100%
0772 タイプ:ヌル 属性:空
100%
0776 バクガメス 爆焰龟兽
100%
0777 トゲデマル 托戈德玛尔
100%
0780 ジジーロン 老翁龙
100%
0785 カプ・コケコ 卡璞・鸣鸣
100%
0788 カプ・レヒレ 卡璞・鳍鳍
100%
0798 カミツルギ 纸御剑
100%
0827 クスネ 狡小狐
100%
0829 ヒメンカ 幼棉棉
100%
0846 サシカマス 刺梭鱼
100%
0852 タタッコ 拳拳蛸
100%
0855 ポットデス 怖思壶
100%
0861 オーロンゲ 长毛巨魔
100%
0864 サニゴーン 魔灵珊瑚
100%
0870 タイレーツ 列阵兵
100%
0892 ウーラオス 武道熊师
100%
0899 アヤシシ 诡角鹿
100%
0909 ホゲータ 呆火鳄
100%
0910 アチゲータ 炙烫鳄
100%
0912 クワッス 润水鸭
100%
0915 グルトン 爱吃豚
100%
0936 グレンアルマ 红莲铠骑
100%
0963 ナミイルカ 波普海豚
100%
0980 ドオー 土王
100%
0990 テツノワダチ 铁辙迹
100%
0997 セゴール 冻脊龙
100%
0999 コレクレー 索财灵
100%
1010 テツノイサハ 鉄斑葉
100%
0219 マグカルゴ 熔岩蜗牛
75%
0032 ニドラン♂ 尼多朗
67%
0106 サワムラー 飞腿郎
67%
0158 ワニノコ 小锯鳄
67%
0167 イトマル 圆丝蛛
67%
0281 キルリア 奇鲁莉安
67%
0321 ホエルオー 吼鲸王
67%
0438 ウソハチ 盆才怪
67%
0542 ハハコモリ 保姆虫
67%
0652 ブリガロン 布里卡隆
67%
0654 テールナー 长尾火狐
67%
0660 ホルード 掘地兔
67%
0668 カエンジシ 火炎狮
67%
0702 デデンネ 咚咚鼠
67%
0012 バタフリー 巴大蝶
50%
0024 アーボック 阿柏怪
50%
0030 ニドリーナ 尼多娜
50%
0065 フーディン 胡地
50%
0075 ゴローン 隆隆石
50%
0091 パルシェン 刺甲贝
50%
0095 イワーク 大岩蛇
50%
0100 ビリリダマ 霹雳电球
50%
0121 スターミー 宝石海星
50%
0129 コイキング 鲤鱼王
50%
0132 メタモン 百变怪
50%
0135 サンダース 雷伊布
50%
0137 ポリゴン 多边兽
50%
0142 プテラ 化石翼龙
50%
0189 ワタッコ 毽子棉
50%
0195 ヌオー 沼王
50%
0211 ハリーセン 千针鱼
50%
0217 リングマ 圈圈熊
50%
0223 テッポウオ 铁炮鱼
50%
0246 ヨーギラス 幼基拉斯
50%
0256 ワカシャモ 力壮鸡
50%
0316 ゴクリン 溶食兽
50%
0330 フライゴン 沙漠蜻蜓
50%
0358 チリーン 风铃铃
50%
0362 オニゴーリ 冰鬼护
50%
0370 ラブカス 爱心鱼
50%
0395 エンペルト 帝王拿波
50%
0411 トリデプス 护城龙
50%
0414 ガーメイル 绅士蛾
50%
0437 ドータクン 青铜钟
50%
0465 モジャンボ 巨蔓藤
50%
0480 ユクシー 由克希
50%
0492 シェイミ 谢米
50%
0515 ヒヤップ 冷水猴
50%
0519 マメパト 豆豆鸽
50%
0551 メグロコ 黑眼鳄
50%
0595 バチュル 电电虫
50%
0603 シビビール 麻麻鳗
50%
0625 キリキザン 劈斩司令
50%
0655 マフォクシー 妖火红狐
50%
0657 ゲコガシラ 呱头蛙
50%
0670 フラエッテ 花叶蒂
50%
0726 ニャヒート 炎热喵
50%
0740 ケケンカニ 好胜毛蟹
50%
0744 イワンコ 岩狗狗
50%
0758 エンニュート 焰后蜥
50%
0759 ヌイコグマ 童偶熊
50%
0822 アオガラス 蓝鸦
50%
0839 セキタンザン 巨炭山
50%
0851 マルヤクデ 焚焰蚣
50%
0880 パッチラゴン 雷鸟龙
50%
0920 エクスレッグ 烈腿蝗
50%
0981 リキキリン 奇麒麟
50%
1007 コライドン 故勒頓
50%
0014 コクーン 铁壳蛹
33%
0027 サンド 穿山鼠
33%
0056 マンキー 猴怪
33%
0175 トゲピー 波克比
33%
0288 ヤルキモノ 过动猿
33%
0340 ナマズン 鲶鱼王
33%
0393 ポッチャマ 波加曼
33%
0596 デンチュラ 电蜘蛛
33%
0611 オノンド 斧牙龙
33%
0683 フレフワン 芳香精
33%
0713 クレベース 冰岩怪
33%
0834 カジリガメ 暴噬龟
33%
0858 ブリムオン 布莉姆温
33%
0949 リククラゲ 陆地水母
33%
0394 ポッタイシ 波皇子
25%
0504 ミネズミ 探探鼠
17%
0001 フシギダネ 妙蛙种子
0%
0002 フシギソウ 妙蛙草
0%
0003 フシギバナ 妙蛙花
0%
0004 ヒトカゲ 小火龙
0%
0008 カメール 卡咪龟
0%
0009 カメックス 水箭龟
0%
0010 キャタピー 绿毛虫
0%
0011 トランセル 铁甲蛹
0%
0015 スピアー 大针蜂
0%
0016 ポッポ 波波
0%
0017 ピジョン 比比鸟
0%
0020 ラッタ 拉达
0%
0021 オニスズメ 烈雀
0%
0022 オニドリル 大嘴雀
0%
0025 ピカチュウ 皮卡丘
0%
0026 ライチュウ 雷丘
0%
0028 サンドパン 穿山王
0%
0029 ニドラン♀ 尼多兰
0%
0031 ニドクイン 尼多后
0%
0033 ニドリーノ 尼多力诺
0%
0036 ピクシー 皮可西
0%
0037 ロコン 六尾
0%
0038 キュウコン 九尾
0%
0039 プリン 胖丁
0%
0040 プクリン 胖可丁
0%
0041 ズバット 超音蝠
0%
0042 ゴルバット 大嘴蝠
0%
0043 ナゾノクサ 走路草
0%
0044 クサイハナ 臭臭花
0%
0046 パラス 派拉斯
0%
0047 パラセクト 派拉斯特
0%
0049 モルフォン 摩鲁蛾
0%
0050 ディグダ 地鼠
0%
0051 ダグトリオ 三地鼠
0%
0052 ニャース 喵喵
0%
0054 コダック 可达鸭
0%
0055 ゴルダック 哥达鸭
0%
0057 オコリザル 火暴猴
0%
0058 ガーディ 卡蒂狗
0%
0059 ウインディ 风速狗
0%
0060 ニョロモ 蚊香蝌蚪
0%
0061 ニョロゾ 蚊香君
0%
0062 ニョロボン 蚊香泳士
0%
0063 ケーシィ 凯西
0%
0069 マダツボミ 喇叭芽
0%
0070 ウツドン 口呆花
0%
0072 メノクラゲ 玛瑙水母
0%
0074 イシツブテ 小拳石
0%
0077 ポニータ 小火马
0%
0078 ギャロップ 烈焰马
0%
0079 ヤドン 呆呆兽
0%
0080 ヤドラン 呆壳兽
0%
0081 コイル 小磁怪
0%
0082 レアコイル 三合一磁怪
0%
0085 ドードリオ 嘟嘟利
0%
0086 パウワウ 小海狮
0%
0087 ジュゴン 白海狮
0%
0088 ベトベター 臭泥
0%
0092 ゴース 鬼斯
0%
0093 ゴースト 鬼斯通
0%
0094 ゲンガー 耿鬼
0%
0096 スリープ 催眠貘
0%
0097 スリーパー 引梦貘人
0%
0102 タマタマ 蛋蛋
0%
0103 ナッシー 椰蛋树
0%
0104 カラカラ 卡拉卡拉
0%
0105 ガラガラ 嘎啦嘎啦
0%
0107 エビワラー 快拳郎
0%
0108 ベロリンガ 大舌头
0%
0109 ドガース 瓦斯弹
0%
0110 マタドガス 双弹瓦斯
0%
0111 サイホーン 独角犀牛
0%
0112 サイドン 钻角犀兽
0%
0113 ラッキー 吉利蛋
0%
0114 モンジャラ 蔓藤怪
0%
0116 タッツー 墨海马
0%
0117 シードラ 海刺龙
0%
0119 アズマオウ 金鱼王
0%
0122 バリヤード 魔墙人偶
0%
0123 ストライク 飞天螳螂
0%
0124 ルージュラ 迷唇姐
0%
0125 エレブー 电击兽
0%
0126 ブーバー 鸭嘴火兽
0%
0127 カイロス 凯罗斯
0%
0128 ケンタロス 肯泰罗
0%
0131 ラプラス 拉普拉斯
0%
0133 イーブイ 伊布
0%
0134 シャワーズ 水伊布
0%
0136 ブースター 火伊布
0%
0138 オムナイト 菊石兽
0%
0139 オムスター 多刺菊石兽
0%
0140 カブト 化石盔
0%
0141 カブトプス 镰刀盔
0%
0143 カビゴン 卡比兽
0%
0144 フリーザー 急冻鸟
0%
0145 サンダー 闪电鸟
0%
0147 ミニリュウ 迷你龙
0%
0148 ハクリュー 哈克龙
0%
0149 カイリュー 快龙
0%
0150 ミュウツー 超梦
0%
0151 ミュウ 梦幻
0%
0152 チコリータ 菊草叶
0%
0153 ベイリーフ 月桂叶
0%
0154 メガニウム 大竺葵
0%
0155 ヒノアラシ 火球鼠
0%
0156 マグマラシ 火岩鼠
0%
0160 オーダイル 大力鳄
0%
0165 レディバ 芭瓢虫
0%
0166 レディアン 安瓢虫
0%
0168 アリアドス 阿利多斯
0%
0170 チョンチー 灯笼鱼
0%
0171 ランターン 电灯怪
0%
0172 ピチュー 皮丘
0%
0173 ピィ 皮宝宝
0%
0174 ププリン 宝宝丁
0%
0176 トゲチック 波克基古
0%
0177 ネイティ 天然雀
0%
0178 ネイティオ 天然鸟
0%
0179 メリープ 咩利羊
0%
0180 モココ 茸茸羊
0%
0181 デンリュウ 电龙
0%
0182 キレイハナ 美丽花
0%
0183 マリル 玛力露
0%
0184 マリルリ 玛力露丽
0%
0185 ウソッキー 树才怪
0%
0186 ニョロトノ 蚊香蛙皇
0%
0187 ハネッコ 毽子草
0%
0188 ポポッコ 毽子花
0%
0190 エイパム 长尾怪手
0%
0191 ヒマナッツ 向日种子
0%
0193 ヤンヤンマ 蜻蜻蜓
0%
0194 ウパー 乌波
0%
0196 エーフィ 太阳伊布
0%
0198 ヤミカラス 黑暗鸦
0%
0199 ヤドキング 呆呆王
0%
0200 ムウマ 梦妖
0%
0201 アンノーン 未知图腾
0%
0202 ソーナンス 果然翁
0%
0203 キリンリキ 麒麟奇
0%
0204 クヌギダマ 榛果球
0%
0205 フォレトス 佛烈托斯
0%
0206 ノコッチ 土龙弟弟
0%
0207 グライガー 天蝎
0%
0208 ハガネール 大钢蛇
0%
0209 ブルー 布鲁
0%
0210 グランブル 布鲁皇
0%
0212 ハッサム 巨钳螳螂
0%
0214 ヘラクロス 赫拉克罗斯
0%
0215 ニューラ 狃拉
0%
0216 ヒメグマ 熊宝宝
0%
0218 マグマッグ 熔岩虫
0%
0220 ウリムー 小山猪
0%
0221 イノムー 长毛猪
0%
0222 サニーゴ 太阳珊瑚
0%
0224 オクタン 章鱼桶
0%
0225 デリバード 信使鸟
0%
0226 マンタイン 巨翅飞鱼
0%
0227 エアームド 盔甲鸟
0%
0228 デルビル 戴鲁比
0%
0229 ヘルガー 黑鲁加
0%
0230 キングドラ 刺龙王
0%
0231 ゴマゾウ 小小象
0%
0232 ドンファン 顿甲
0%
0235 ドーブル 图图犬
0%
0236 バルキー 无畏小子
0%
0237 カポエラー 战舞郎
0%
0238 ムチュール 迷唇娃
0%
0239 エレキッド 电击怪
0%
0240 ブビィ 鸭嘴宝宝
0%
0241 ミルタンク 大奶罐
0%
0242 ハピナス 幸福蛋
0%
0243 ライコウ 雷公
0%
0245 スイクン 水君
0%
0247 サナギラス 沙基拉斯
0%
0248 バンギラス 班基拉斯
0%
0249 ルギア 洛奇亚
0%
0250 ホウオウ 凤王
0%
0251 セレビィ 时拉比
0%
0252 キモリ 木守宫
0%
0254 ジュカイン 蜥蜴王
0%
0255 アチャモ 火稚鸡
0%
0257 バシャーモ 火焰鸡
0%
0258 ミズゴロウ 水跃鱼
0%
0259 ヌマクロー 沼跃鱼
0%
0260 ラグラージ 巨沼怪
0%
0262 グラエナ 大狼犬
0%
0263 ジグザグマ 蛇纹熊
0%
0264 マッスグマ 直冲熊
0%
0265 ケムッソ 刺尾虫
0%
0266 カラサリス 甲壳茧
0%
0267 アゲハント 狩猎凤蝶
0%
0268 マユルド 盾甲茧
0%
0269 ドクケイル 毒粉蛾
0%
0271 ハスブレロ 莲帽小童
0%
0272 ルンパッパ 乐天河童
0%
0273 タネボー 橡实果
0%
0274 コノハナ 长鼻叶
0%
0275 ダーテング 狡猾天狗
0%
0276 スバメ 傲骨燕
0%
0277 オオスバメ 大王燕
0%
0278 キャモメ 长翅鸥
0%
0279 ペリッパー 大嘴鸥
0%
0280 ラルトス 拉鲁拉丝
0%
0282 サーナイト 沙奈朵
0%
0283 アメタマ 溜溜糖球
0%
0285 キノココ 蘑蘑菇
0%
0286 キノガッサ 斗笠菇
0%
0287 ナマケロ 懒人獭
0%
0289 ケッキング 请假王
0%
0290 ツチニン 土居忍士
0%
0291 テッカニン 铁面忍者
0%
0292 ヌケニン 脱壳忍者
0%
0293 ゴニョニョ 咕妞妞
0%
0294 ドゴーム 吼爆弹
0%
0295 バクオング 爆音怪
0%
0296 マクノシタ 幕下力士
0%
0297 ハリテヤマ 铁掌力士
0%
0298 ルリリ 露力丽
0%
0299 ノズパス 朝北鼻
0%
0300 エネコ 向尾喵
0%
0301 エネコロロ 优雅猫
0%
0302 ヤミラミ 勾魂眼
0%
0303 クチート 大嘴娃
0%
0304 ココドラ 可可多拉
0%
0305 コドラ 可多拉
0%
0306 ボスゴドラ 波士可多拉
0%
0307 アサナン 玛沙那
0%
0308 チャーレム 恰雷姆
0%
0309 ラクライ 落雷兽
0%
0310 ライボルト 雷电兽
0%
0311 プラスル 正电拍拍
0%
0312 マイナン 负电拍拍
0%
0314 イルミーゼ 甜甜萤
0%
0317 マルノーム 吞食兽
0%
0318 キバニア 利牙鱼
0%
0319 サメハダー 巨牙鲨
0%
0320 ホエルコ 吼吼鲸
0%
0322 ドンメル 呆火驼
0%
0323 バクーダ 喷火驼
0%
0324 コータス 煤炭龟
0%
0326 ブーピッグ 噗噗猪
0%
0327 パッチール 晃晃斑
0%
0328 ナックラー 大颚蚁
0%
0329 ビブラーバ 超音波幼虫
0%
0331 サボネア 刺球仙人掌
0%
0333 チルット 青绵鸟
0%
0334 チルタリス 七夕青鸟
0%
0335 ザングース 猫鼬斩
0%
0336 ハブネーク 饭匙蛇
0%
0338 ソルロック 太阳岩
0%
0339 ドジョッチ 泥泥鳅
0%
0341 ヘイガニ 龙虾小兵
0%
0342 シザリガー 铁螯龙虾
0%
0343 ヤジロン 天秤偶
0%
0346 ユレイドル 摇篮百合
0%
0347 アノプス 太古羽虫
0%
0348 アーマルド 太古盔甲
0%
0349 ヒンバス 丑丑鱼
0%
0350 ミロカロス 美纳斯
0%
0351 ポワルン 飘浮泡泡
0%
0353 カゲボウズ 怨影娃娃
0%
0354 ジュペッタ 诅咒娃娃
0%
0355 ヨマワル 夜巡灵
0%
0357 トロピウス 热带龙
0%
0359 アブソル 阿勃梭鲁
0%
0360 ソーナノ 小果然
0%
0364 トドグラー 海魔狮
0%
0365 トドゼルガ 帝牙海狮
0%
0366 パールル 珍珠贝
0%
0367 ハンテール 猎斑鱼
0%
0369 ジーランス 古空棘鱼
0%
0371 タツベイ 宝贝龙
0%
0372 コモルー 甲壳龙
0%
0373 ボーマンダ 暴飞龙
0%
0375 メタング 金属怪
0%
0376 メタグロス 巨金怪
0%
0377 レジロック 雷吉洛克
0%
0378 レジアイス 雷吉艾斯
0%
0379 レジスチル 雷吉斯奇鲁
0%
0380 ラティアス 拉帝亚斯
0%
0381 ラティオス 拉帝欧斯
0%
0382 カイオーガ 盖欧卡
0%
0383 グラードン 固拉多
0%
0384 レックウザ 烈空坐
0%
0385 ジラーチ 基拉祈
0%
0386 デオキシス 代欧奇希斯
0%
0387 ナエトル 草苗龟
0%
0389 ドダイトス 土台龟
0%
0390 ヒコザル 小火焰猴
0%
0391 モウカザル 猛火猴
0%
0392 ゴウカザル 烈焰猴
0%
0396 ムックル 姆克儿
0%
0397 ムクバード 姆克鸟
0%
0398 ムクホーク 姆克鹰
0%
0399 ビッパ 大牙狸
0%
0400 ビーダル 大尾狸
0%
0401 コロボーシ 圆法师
0%
0402 コロトック 音箱蟀
0%
0403 コリンク 小猫怪
0%
0404 ルクシオ 勒克猫
0%
0405 レントラー 伦琴猫
0%
0406 スボミー 含羞苞
0%
0407 ロズレイド 罗丝雷朵
0%
0408 ズガイドス 头盖龙
0%
0409 ラムパルド 战槌龙
0%
0412 ミノムッチ 结草儿
0%
0413 ミノマダム 结草贵妇
0%
0415 ミツハニー 三蜜蜂
0%
0416 ビークイン 蜂女王
0%
0417 パチリス 帕奇利兹
0%
0418 ブイゼル 泳圈鼬
0%
0419 フローゼル 浮潜鼬
0%
0421 チェリム 樱花儿
0%
0422 カラナクシ 无壳海兔
0%
0423 トリトドン 海兔兽
0%
0424 エテボース 双尾怪手
0%
0425 フワンテ 飘飘球
0%
0426 フワライド 随风球
0%
0428 ミミロップ 长耳兔
0%
0429 ムウマージ 梦妖魔
0%
0430 ドンカラス 乌鸦头头
0%
0431 ニャルマー 魅力喵
0%
0432 ブニャット 东施喵
0%
0433 リーシャン 铃铛响
0%
0434 スカンプー 臭鼬噗
0%
0435 スカタンク 坦克臭鼬
0%
0436 ドーミラー 铜镜怪
0%
0439 マネネ 魔尼尼
0%
0440 ピンプク 小福蛋
0%
0442 ミカルゲ 花岩怪
0%
0443 フカマル 圆陆鲨
0%
0444 ガバイト 尖牙陆鲨
0%
0445 ガブリアス 烈咬陆鲨
0%
0446 ゴンベ 小卡比兽
0%
0447 リオル 利欧路
0%
0448 ルカリオ 路卡利欧
0%
0449 ヒポポタス 沙河马
0%
0450 カバルドン 河马兽
0%
0451 スコルピ 钳尾蝎
0%
0452 ドラピオン 龙王蝎
0%
0455 マスキッパ 尖牙笼
0%
0456 ケイコウオ 荧光鱼
0%
0457 ネオラント 霓虹鱼
0%
0458 タマンタ 小球飞鱼
0%
0459 ユキカブリ 雪笠怪
0%
0461 マニューラ 玛狃拉
0%
0462 ジバコイル 自爆磁怪
0%
0464 ドサイドン 超甲狂犀
0%
0466 エレキブル 电击魔兽
0%
0467 ブーバーン 鸭嘴炎兽
0%
0469 メガヤンマ 远古巨蜓
0%
0470 リーフィア 叶伊布
0%
0472 グライオン 天蝎王
0%
0475 エルレイド 艾路雷朵
0%
0476 ダイノーズ 大朝北鼻
0%
0477 ヨノワール 黑夜魔灵
0%
0479 ロトム 洛托姆
0%
0481 エムリット 艾姆利多
0%
0482 アグノム 亚克诺姆
0%
0483 ディアルガ 帝牙卢卡
0%
0484 パルキア 帕路奇亚
0%
0485 ヒードラン 席多蓝恩
0%
0486 レジギガス 雷吉奇卡斯
0%
0487 ギラティナ 骑拉帝纳
0%
0488 クレセリア 克雷色利亚
0%
0489 フィオネ 霏欧纳
0%
0490 マナフィ 玛纳霏
0%
0491 ダークライ 达克莱伊
0%
0493 アルセウス 阿尔宙斯
0%
0494 ビクティニ 比克提尼
0%
0495 ツタージャ 藤藤蛇
0%
0496 ジャノビー 青藤蛇
0%
0497 ジャローダ 君主蛇
0%
0498 ポカブ 暖暖猪
0%
0499 チャオブー 炒炒猪
0%
0501 ミジュマル 水水獭
0%
0502 フタチマル 双刃丸
0%
0505 ミルホッグ 步哨鼠
0%
0506 ヨーテリー 小约克
0%
0507 ハーデリア 哈约克
0%
0508 ムーランド 长毛狗
0%
0509 チョロネコ 扒手猫
0%
0510 レパルダス 酷豹
0%
0511 ヤナップ 花椰猴
0%
0512 ヤナッキー 花椰猿
0%
0513 バオップ 爆香猴
0%
0514 バオッキー 爆香猿
0%
0517 ムンナ 食梦梦
0%
0518 ムシャーナ 梦梦蚀
0%
0520 ハトーボー 咕咕鸽
0%
0521 ケンホロウ 高傲雉鸡
0%
0522 シママ 斑斑马
0%
0524 ダンゴロ 石丸子
0%
0525 ガントル 地幔岩
0%
0526 ギガイアス 庞岩怪
0%
0527 コロモリ 滚滚蝙蝠
0%
0529 モグリュー 螺钉地鼠
0%
0530 ドリュウズ 龙头地鼠
0%
0531 タブンネ 差不多娃娃
0%
0532 ドッコラー 搬运小匠
0%
0533 ドテッコツ 铁骨土人
0%
0534 ローブシン 修建老匠
0%
0535 オタマロ 圆蝌蚪
0%
0536 ガマガル 蓝蟾蜍
0%
0537 ガマゲロゲ 蟾蜍王
0%
0538 ナゲキ 投摔鬼
0%
0539 ダゲキ 打击鬼
0%
0540 クルミル 虫宝包
0%
0541 クルマユ 宝包茧
0%
0543 フシデ 百足蜈蚣
0%
0544 ホイーガ 车轮球
0%
0545 ペンドラー 蜈蚣王
0%
0546 モンメン 木棉球
0%
0547 エルフーン 风妖精
0%
0548 チュリネ 百合根娃娃
0%
0549 ドレディア 裙儿小姐
0%
0550 バスラオ 野蛮鲈鱼
0%
0552 ワルビル 混混鳄
0%
0553 ワルビアル 流氓鳄
0%
0554 ダルマッカ 火红不倒翁
0%
0556 マラカッチ 沙铃仙人掌
0%
0557 イシズマイ 石居蟹
0%
0558 イワパレス 岩殿居蟹
0%
0559 ズルッグ 滑滑小子
0%
0560 ズルズキン 头巾混混
0%
0561 シンボラー 象征鸟
0%
0562 デスマス 哭哭面具
0%
0563 デスカーン 迭失棺
0%
0564 プロトーガ 原盖海龟
0%
0565 アバゴーラ 肋骨海龟
0%
0567 アーケオス 始祖大鸟
0%
0568 ヤブクロン 破破袋
0%
0569 ダストダス 灰尘山
0%
0570 ゾロア 索罗亚
0%
0571 ゾロアーク 索罗亚克
0%
0572 チラーミィ 泡沫栗鼠
0%
0573 チラチーノ 奇诺栗鼠
0%
0574 ゴチム 哥德宝宝
0%
0575 ゴチミル 哥德小童
0%
0576 ゴチルゼル 哥德小姐
0%
0577 ユニラン 单卵细胞球
0%
0578 ダブラン 双卵细胞球
0%
0579 ランクルス 人造细胞卵
0%
0580 コアルヒー 鸭宝宝
0%
0581 スワンナ 舞天鹅
0%
0582 バニプッチ 迷你冰
0%
0583 バニリッチ 多多冰
0%
0584 バイバニラ 双倍多多冰
0%
0586 メブキジカ 萌芽鹿
0%
0587 エモンガ 电飞鼠
0%
0588 カブルモ 盖盖虫
0%
0589 シュバルゴ 骑士蜗牛
0%
0590 タマゲタケ 哎呀球菇
0%
0591 モロバレル 败露球菇
0%
0592 プルリル 轻飘飘
0%
0593 ブルンゲル 胖嘟嘟
0%
0594 ママンボウ 保姆曼波
0%
0597 テッシード 种子铁球
0%
0598 ナットレイ 坚果哑铃
0%
0599 ギアル 齿轮儿
0%
0600 ギギアル 齿轮组
0%
0601 ギギギアル 齿轮怪
0%
0602 シビシラス 麻麻小鱼
0%
0604 シビルドン 麻麻鳗鱼王
0%
0605 リグレー 小灰怪
0%
0606 オーベム 大宇怪
0%
0607 ヒトモシ 烛光灵
0%
0609 シャンデラ 水晶灯火灵
0%
0612 オノノクス 双斧战龙
0%
0613 クマシュン 喷嚏熊
0%
0614 ツンベアー 冻原熊
0%
0615 フリージオ 几何雪花
0%
0616 チョボマキ 小嘴蜗
0%
0617 アギルダー 敏捷虫
0%
0618 マッギョ 泥巴鱼
0%
0619 コジョフー 功夫鼬
0%
0620 コジョンド 师父鼬
0%
0621 クリムガン 赤面龙
0%
0624 コマタナ 驹刀小兵
0%
0627 ワシボン 毛头小鹰
0%
0628 ウォーグル 勇士雄鹰
0%
0629 バルチャイ 秃鹰丫头
0%
0630 バルジーナ 秃鹰娜
0%
0631 クイタラン 熔蚁兽
0%
0632 アイアント 铁蚁
0%
0634 ジヘッド 双首暴龙
0%
0636 メラルバ 燃烧虫
0%
0637 ウルガモス 火神蛾
0%
0638 コバルオン 勾帕路翁
0%
0639 テラキオン 代拉基翁
0%
0640 ビリジオン 毕力吉翁
0%
0641 トルネロス 龙卷云
0%
0643 レシラム 莱希拉姆
0%
0645 ランドロス 土地云
0%
0646 キュレム 酋雷姆
0%
0647 ケルディオ 凯路迪欧
0%
0648 メロエッタ 美洛耶塔
0%
0649 ゲノセクト 盖诺赛克特
0%
0650 ハリマロン 哈力栗
0%
0651 ハリボーグ 胖胖哈力
0%
0653 フォッコ 火狐狸
0%
0656 ケロマツ 呱呱泡蛙
0%
0658 ゲッコウガ 甲贺忍蛙
0%
0661 ヤヤコマ 小箭雀
0%
0662 ヒノヤコマ 火箭雀
0%
0663 ファイアロー 烈箭鹰
0%
0664 コフキムシ 粉蝶虫
0%
0665 コフーライ 粉蝶蛹
0%
0666 ビビヨン 彩粉蝶
0%
0667 シシコ 小狮狮
0%
0669 フラベベ 花蓓蓓
0%
0671 フラージェス 花洁夫人
0%
0673 ゴーゴート 坐骑山羊
0%
0674 ヤンチャム 顽皮熊猫
0%
0676 トリミアン 多丽米亚
0%
0677 ニャスパー 妙喵
0%
0678 ニャオニクス 超能妙喵
0%
0679 ヒトツキ 独剑鞘
0%
0680 ニダンギル 双剑鞘
0%
0681 ギルガルド 坚盾剑怪
0%
0684 ペロッパフ 绵绵泡芙
0%
0685 ペロリーム 胖甜妮
0%
0686 マーイーカ 好啦鱿
0%
0687 カラマネロ 乌贼王
0%
0688 カメテテ 龟脚脚
0%
0689 ガメノデス 龟足巨铠
0%
0690 クズモー 垃垃藻
0%
0691 ドラミドロ 毒藻龙
0%
0692 ウデッポウ 铁臂枪虾
0%
0693 ブロスター 钢炮臂虾
0%
0694 エリキテル 伞电蜥
0%
0695 エレザード 光电伞蜥
0%
0696 チゴラス 宝宝暴龙
0%
0697 ガチゴラス 怪颚龙
0%
0698 アマルス 冰雪龙
0%
0699 アマルルガ 冰雪巨龙
0%
0700 ニンフィア 仙子伊布
0%
0701 ルチャブル 摔角鹰人
0%
0703 メレシー 小碎钻
0%
0704 ヌメラ 黏黏宝
0%
0705 ヌメイル 黏美儿
0%
0706 ヌメルゴン 黏美龙
0%
0707 クレッフィ 钥圈儿
0%
0708 ボクレー 小木灵
0%
0709 オーロット 朽木妖
0%
0711 パンプジン 南瓜怪人
0%
0712 カチコール 冰宝
0%
0714 オンバット 嗡蝠
0%
0716 ゼルネアス 哲尔尼亚斯
0%
0717 イベルタル 伊裴尔塔尔
0%
0718 ジガルデ 基格尔德
0%
0719 ディアンシー 蒂安希
0%
0720 フーパ 胡帕
0%
0721 ボルケニオン 波尔凯尼恩
0%
0722 モクロー 木木枭
0%
0723 フクスロー 投羽枭
0%
0724 ジュナイパー 狙射树枭
0%
0727 ガオガエン 炽焰咆哮虎
0%
0729 オシャマリ 花漾海狮
0%
0730 アシレーヌ 西狮海壬
0%
0731 ツツケラ 小笃儿
0%
0732 ケララッパ 喇叭啄鸟
0%
0733 ドデカバシ 铳嘴大鸟
0%
0734 ヤングース 猫鼬少
0%
0735 デカグース 猫鼬探长
0%
0736 アゴジムシ 强颚鸡母虫
0%
0737 デンヂムシ 虫电宝
0%
0738 クワガノン 锹农炮虫
0%
0739 マケンカニ 好胜蟹
0%
0741 オドリドリ 花舞鸟
0%
0742 アブリー 萌虻
0%
0743 アブリボン 蝶结萌虻
0%
0745 ルガルガン 鬃岩狼人
0%
0746 ヨワシ 弱丁鱼
0%
0747 ヒドイデ 好坏星
0%
0748 ドヒドイデ 超坏星
0%
0749 ドロバンコ 泥驴仔
0%
0751 シズクモ 滴蛛
0%
0752 オニシズクモ 滴蛛霸
0%
0753 カリキリ 伪螳草
0%
0754 ラランテス 兰螳花
0%
0755 ネマシュ 睡睡菇
0%
0756 マシェード 灯罩夜菇
0%
0757 ヤトウモリ 夜盗火蜥
0%
0760 キテルグマ 穿着熊
0%
0761 アマカジ 甜竹竹
0%
0762 アママイコ 甜舞妮
0%
0763 アマージョ 甜冷美后
0%
0764 キュワワー 花疗环环
0%
0765 ヤレユータン 智挥猩
0%
0766 ナゲツケサル 投掷猴
0%
0767 コソクムシ 胆小虫
0%
0768 グソクムシャ 具甲武者
0%
0769 スナバァ 沙丘娃
0%
0770 シロデスナ 噬沙堡爷
0%
0773 シルヴァディ 银伴战兽
0%
0774 メテノ 小陨星
0%
0775 ネッコアラ 树枕尾熊
0%
0778 ミミッキュ 谜拟丘
0%
0779 ハギギシリ 磨牙彩皮鱼
0%
0781 ダダリン 破破舵轮
0%
0782 ジャラコ 心鳞宝
0%
0783 ジャランゴ 鳞甲龙
0%
0784 ジャラランガ 杖尾鳞甲龙
0%
0786 カプ・テテフ 卡璞・蝶蝶
0%
0787 カプ・ブルル 卡璞・哞哞
0%
0789 コスモッグ 科斯莫古
0%
0790 コスモウム 科斯莫姆
0%
0791 ソルガレオ 索尔迦雷欧
0%
0792 ルナアーラ 露奈雅拉
0%
0793 ウツロイド 虚吾伊德
0%
0794 マッシブーン 爆肌蚊
0%
0795 フェローチェ 费洛美螂
0%
0796 デンジュモク 电束木
0%
0797 テッカグヤ 铁火辉夜
0%
0799 アクジキング 恶食大王
0%
0800 ネクロズマ 奈克洛兹玛
0%
0801 マギアナ 玛机雅娜
0%
0802 マーシャドー 玛夏多
0%
0803 ベベノム 毒贝比
0%
0804 アーゴヨン 四颚针龙
0%
0805 ツンデツンデ 垒磊石
0%
0806 ズガドーン 砰头小丑
0%
0807 ゼラオラ 捷拉奥拉
0%
0808 メルタン 美录坦
0%
0809 メルメタル 美录梅塔
0%
0810 サルノリ 敲音猴
0%
0811 バチンキー 啪咚猴
0%
0812 ゴリランダー 轰擂金刚猩
0%
0813 ヒバニー 炎兔儿
0%
0814 ラビフット 腾蹴小将
0%
0815 エースバーン 闪焰王牌
0%
0816 メッソン 泪眼蜥
0%
0817 ジメレオン 变涩蜥
0%
0818 インテレオン 千面避役
0%
0819 ホシガリス 贪心栗鼠
0%
0820 ヨクバリス 藏饱栗鼠
0%
0821 ココガラ 稚山雀
0%
0823 アーマーガア 钢铠鸦
0%
0824 サッチムシ 索侦虫
0%
0825 レドームシ 天罩虫
0%
0826 イオルブ 以欧路普
0%
0828 フォクスライ 猾大狐
0%
0830 ワタシラガ 白蓬蓬
0%
0831 ウールー 毛辫羊
0%
0832 バイウールー 毛毛角羊
0%
0833 カムカメ 咬咬龟
0%
0835 ワンパチ 来电汪
0%
0836 パルスワン 逐电犬
0%
0837 タンドン 小炭仔
0%
0838 トロッゴン 大炭车
0%
0840 カジッチュ 啃果虫
0%
0841 アップリュー 苹裹龙
0%
0842 タルップル 丰蜜龙
0%
0843 スナヘビ 沙包蛇
0%
0844 サダイジャ 沙螺蟒
0%
0845 ウッウ 古月鸟
0%
0847 カマスジョー 戽斗尖梭
0%
0848 エレズン 电音婴
0%
0849 ストリンダー 颤弦蝾螈
0%
0850 ヤクデ 烧火蚣
0%
0853 オトスパス 八爪武师
0%
0854 ヤバチャ 来悲茶
0%
0856 ミブリム 迷布莉姆
0%
0857 テブリム 提布莉姆
0%
0859 ベロバー 捣蛋小妖
0%
0860 ギモー 诈唬魔
0%
0862 タチフサグマ 堵拦熊
0%
0863 ニャイキング 喵头目
0%
0865 ネギガナイト 葱游兵
0%
0866 バリコオル 踏冰人偶
0%
0867 デスバーン 迭失板
0%
0868 マホミル 小仙奶
0%
0869 マホイップ 霜奶仙
0%
0871 バチンウニ 啪嚓海胆
0%
0872 ユキハミ 雪吞虫
0%
0873 モスノウ 雪绒蛾
0%
0874 イシヘンジン 巨石丁
0%
0875 コオリッポ 冰砌鹅
0%
0876 イエッサン 爱管侍
0%
0877 モルペコ 莫鲁贝可
0%
0878 ゾウドウ 铜象
0%
0879 ダイオウドウ 大王铜象
0%
0881 パッチルドン 雷鸟海兽
0%
0882 ウオノラゴン 鳃鱼龙
0%
0883 ウオチルドン 鳃鱼海兽
0%
0884 ジュラルドン 铝钢龙
0%
0885 ドラメシヤ 多龙梅西亚
0%
0886 ドロンチ 多龙奇
0%
0887 ドラパルト 多龙巴鲁托
0%
0888 ザシアン 苍响
0%
0889 ザマゼンタ 藏玛然特
0%
0890 ムゲンダイナ 无极汰那
0%
0891 ダクマ 熊徒弟
0%
0893 ザルード 萨戮德
0%
0894 レジエレキ 雷吉艾勒奇
0%
0895 レジドラゴ 雷吉铎拉戈
0%
0896 ブリザポス 雪暴马
0%
0897 レイスポス 灵幽马
0%
0898 バドレックス 蕾冠王
0%
0900 バサギリ 劈斧螳螂
0%
0901 ガチグマ 月月熊
0%
0902 イダイトウ 幽尾玄鱼
0%
0903 オオニューラ 大狃拉
0%
0904 ハリーマン 万针鱼
0%
0905 ラブトロス 眷恋云
0%
番号 日本語 中国語(簡)
0%
0906 ニャオハ 新叶喵
0%
0907 ニャローテ 蒂蕾喵
0%
0908 マスカーニャ 魔幻假面喵
0%
0911 ラウドボーン 骨纹惊声鳄
0%
0913 ウェルカモ 涌跃鸭
0%
0914 ウェーニバル 狂欢浪舞鸭
0%
0916 パフュートン 飘香豚
0%
0917 タマンチュラ 团珠蛛
0%
0918 ワナイダー 操陷蛛
0%
0919 マメバッタ 豆蟋蟀
0%
0921 パモ 布拨
0%
0922 パモット 布土拨
0%
0923 パーモット 巴布土拨
0%
0924 ワッカネズミ 一对鼠
0%
0925 イッカネズミ 一家鼠
0%
0926 パピモッチ 狗仔包
0%
0927 バウッツェル 麻花犬
0%
0928 ミニーブ 迷你芙
0%
0929 オリーニョ 奥利纽
0%
0930 オリーヴァ 奥利瓦
0%
0931 イキリンコ 怒鹦哥
0%
0932 コジオ 盐石宝
0%
0933 ジオヅム 盐石垒
0%
0934 キョジオーン 盐石巨灵
0%
0935 カルボウ 炭小侍
0%
0937 ソウブレイズ 苍炎刃鬼
0%
0938 ズピカ 光蚪仔
0%
0939 ハラバリー 电肚蛙
0%
0940 カイデン 电海燕
0%
0941 タイカイデン 大电海燕
0%
0942 オラチフ 偶叫獒
0%
0943 マフィティフ 獒教父
0%
0944 シルシュルー 滋汁鼹
0%
0945 タギングル 涂标客
0%
0946 アノクサ 纳噬草
0%
0947 アノホラグサ 怖纳噬草
0%
0948 ノノクラゲ 原野水母
0%
0950 ガケガニ 毛崖蟹
0%
0951 カプサイジ 热辣娃
0%
0952 スコヴィラン 狠辣椒
0%
0953 シガロコ 虫滚泥
0%
0954 ベラカス 虫甲圣
0%
0955 ヒラヒナ 飘飘雏
0%
0956 クエスパトラ 超能艳鸵
0%
0957 カヌチャン 小锻匠
0%
0958 ナカヌチャン 巧锻匠
0%
0959 デカヌチャン 巨锻匠
0%
0960 ウミディグダ 海地鼠
0%
0961 ウミトリオ 三海地鼠
0%
0962 オトシドリ 下石鸟
0%
0964 イルカマン 海豚侠
0%
0965 ブロロン 噗隆隆
0%
0966 ブロロローム 普隆隆姆
0%
0967 モトトカゲ 摩托蜥
0%
0968 ミミズズ 拖拖蚓
0%
0969 キラーメ 晶光芽
0%
0970 キラフロル 晶光花
0%
0971 ボチ 墓仔狗
0%
0972 ハカドッグ 墓扬犬
0%
0973 カラミンゴ 缠红鹤
0%
0974 アルクジラ 走鲸
0%
0975 ハルクジラ 浩大鲸
0%
0976 ミガルーサ 轻身鳕
0%
0977 ヘイラッシャ 吃吼霸
0%
0978 シャリタツ 米立龙
0%
0979 コノヨザル 弃世猴
0%
0982 ノココッチ 土龙节节
0%
0983 ドドゲザン 仆刀将军
0%
0984 イダイナキバ 雄伟牙
0%
0985 サケブシッポ 吼叫尾
0%
0986 アラブルタケ 猛恶菇
0%
0987 ハバタクカミ 振翼发
0%
0988 チヲハウハネ 爬地翅
0%
0989 スナノケガワ 沙铁皮
0%
0991 テツノツツミ 铁包袱
0%
0992 テツノカイナ 铁臂膀
0%
0993 テツノコウベ 铁脖颈
0%
0994 テツノドクガ 铁毒蛾
0%
0995 テツノイバラ 铁荆棘
0%
0996 セビエ 凉脊龙
0%
0998 セグレイブ 戟脊龙
0%
1000 サーフゴー 赛富豪
0%
1001 チオンジェン 古简蜗
0%
1002 パオジアン 古剑豹
0%
1003 ディンルー 古鼎鹿
0%
1004 イーユイ 古玉鱼
0%
1005 トドロクツキ 轟鳴月
0%
1006 テツノブジン 鐵武者
0%
1008 ミライドン 密勒頓
0%
1009 ウネルミナモ 波盪水
0%
1011 カミッチュ 裹蜜虫
0%
1012 チャデス 斯魔茶
0%
1013 ヤバソチャ 来悲粗茶
0%
1014 イイネイヌ 够赞狗
0%
1015 マシマシラ 愿增猿
0%
1016 キチキギス 吉雉鸡
0%
1017 オーガポン 厄鬼椪
0%
1018 ブリジュラス 铝钢桥龙
0%
1019 カミツオロチ 蜜集大蛇
0%
1020 ウガツホムラ 破空焰
0%
1021 タケルライコ 猛雷鼓
0%
1022 テツノイワオ 鐵磐岩
0%
1023 テツノカシラ 鐵頭殼
0%
1024 テラパゴス 太乐巴戈斯
0%
1025 モモワロウ 桃歹郎
0%
0233 ポリゴン2 多边兽2型
0%
0474 ポリゴンZ 多边兽乙型
0%
No matching quizzes found
Score Distribution
Percent of People with Each Score
Percentile by Number Answered
Your Score History
You have not taken this quiz